[Event "Chigorin Memorial"]
[Site "St Petersburg"]
[Date "2015.10.08"]
[Round "6.155"]
[White "Ustich, Ekaterina"]
[Black "Matchenya, Ivan"]
[Result "1-0"]
[WhiteElo "1996"]
[BlackElo "1795"]
[PlyCount "93"]
[EventDate "2015.10.03"]
[EventRounds "9"]
[EventCountry "RUS"]

1. e4 c6 2. d4 d5 3. Nd2 dxe4 4. Nxe4 Bf5 5. Nc5 b6 6. Nb3 e6 7. Nf3 Nf6 8. g3
Bd6 9. Bg2 h6 10. Qe2 O-O 11. O-O Qc7 12. Re1 a5 13. c3 Ra7 14. Ne5 Nd5 15. a3
c5 16. Nc4 a4 17. Nxd6 Qxd6 18. dxc5 bxc5 19. Nd2 Nd7 20. Ne4 Qc7 21. c4 Ne7
22. Nc3 Nc6 23. Be3 Raa8 24. Nb5 Qb6 25. Red1 Rad8 26. Rd6 Nde5 27. Rad1 Rxd6
28. Rxd6 Rd8 29. Rxd8+ Nxd8 30. Bf4 Nec6 31. Bc7 Qa6 32. Qd2 Qc8 33. Qd6 Nd4
34. Nxd4 cxd4 35. Qxd8+ Qxd8 36. Bxd8 Kf8 37. Bb6 e5 38. Bd5 Ke7 39. Bc5+ Kf6
40. f4 d3 41. fxe5+ Kxe5 42. Be3 g5 43. Kf1 f6 44. Ke1 h5 45. Kd2 Bg6 46. Bc6
f5 47. Bxg5 1-0

[Event "Chigorin Memorial"]
[Site "St Petersburg"]
[Date "2015.10.08"]
[Round "6.156"]
[White "Tskhadadze, Anna"]
[Black "Golovkina, Anastasia"]
[Result "1-0"]
[WhiteElo "1988"]
[BlackElo "1790"]
[PlyCount "65"]
[EventDate "2015.10.03"]
[EventRounds "9"]
[EventCountry "RUS"]

1. c4 e5 2. g3 Nc6 3. Bg2 d6 4. Nc3 f5 5. d3 Nf6 6. e4 g6 7. Nge2 Bg7 8. O-O
O-O 9. h3 Ne7 10. Be3 c6 11. f4 Be6 12. c5 exf4 13. gxf4 dxc5 14. Bxc5 fxe4 15.
dxe4 Qc7 16. e5 Nh5 17. Qa4 Rfe8 18. Nd4 Nf5 19. Nxe6 Rxe6 20. Qb3 Qf7 21. Ne4
h6 22. Bd6 Bf8 23. Nc5 Ree8 24. e6 Qf6 25. e7+ Kh7 26. exf8=Q Rxf8 27. Bxf8
Rxf8 28. Qxb7+ Rf7 29. Qb4 Ne3 30. Ne4 Qg7 31. Nd6 Re7 32. Rf2 Nxg2 33. Kxg2
1-0

[Event "Chigorin Memorial"]
[Site "St Petersburg"]
[Date "2015.10.08"]
[Round "6.160"]
[White "Machlik, Edit"]
[Black "Lemeshev, Roman"]
[Result "1-0"]
[WhiteElo "1946"]
[BlackElo "1763"]
[PlyCount "59"]
[EventDate "2015.10.03"]
[EventRounds "9"]
[EventCountry "RUS"]

1. d4 Nf6 2. c4 g6 3. Nc3 d5 4. cxd5 Nxd5 5. Na4 Bg7 6. e4 Nb6 7. Be3 O-O 8.
Nf3 Bg4 9. Nc5 Qc8 10. h3 Bxf3 11. Qxf3 N8d7 12. Nb3 c6 13. Rc1 Qd8 14. Be2 e5
15. O-O exd4 16. Bxd4 Ne5 17. Qc3 Na4 18. Qe3 Qc7 19. f4 Bh6 20. g4 Nd7 21. g5
c5 22. gxh6 cxd4 23. Rxc7 dxe3 24. Rxd7 Rfe8 25. e5 Nxb2 26. Rf3 Kf8 27. Rxe3
f6 28. Rxh7 fxe5 29. fxe5 Kg8 30. Rxb7 1-0

[Event "Chigorin Memorial"]
[Site "St Petersburg"]
[Date "2015.10.08"]
[Round "6.161"]
[White "Fedoseeva, Valentina"]
[Black "Ismagilov, Damir"]
[Result "1/2-1/2"]
[WhiteElo "1932"]
[BlackElo "1753"]
[PlyCount "95"]
[EventDate "2015.10.03"]
[EventRounds "9"]
[EventCountry "RUS"]

1. e4 e5 2. Nf3 Nf6 3. Nxe5 d6 4. Nf3 Nxe4 5. Qe2 Qe7 6. d3 Nf6 7. Nd4 c6 8.
Nc3 Qxe2+ 9. Bxe2 Nbd7 10. O-O Nc5 11. Re1 Ne6 12. Bf3 Bd7 13. Be3 g6 14. Nxe6
fxe6 15. Ne4 Nxe4 16. dxe4 Be7 17. c3 O-O 18. Red1 Be8 19. Bh6 Rf7 20. Be3 Rf8
21. Rd3 Bf7 22. Rad1 Rfd8 23. g3 Kf8 24. Kg2 Kg7 25. h4 Rd7 26. c4 Kg8 27. R1d2
Kg7 28. Bc5 Rad8 29. Bxa7 b5 30. Bd4+ Kg8 31. cxb5 cxb5 32. Bc5 Kf8 33. Bb4 d5
34. Rd4 Bxb4 35. Rxb4 dxe4 36. Rxd7 exf3+ 37. Kxf3 Rxd7 38. Rxb5 e5 39. a3 Bd5+
40. Ke3 Kf7 41. b3 Ke6 42. Rb6+ Rd6 43. Rb8 Ra6 44. a4 Ra7 45. Rb6+ Ke7 46. Rb5
Ke6 47. Rb6+ Ke7 48. Rb5 1/2-1/2

[Event "Chigorin Memorial"]
[Site "St Petersburg"]
[Date "2015.10.08"]
[Round "6.162"]
[White "Voronenkov, Sergey"]
[Black "Shadunts, Kirill"]
[Result "1-0"]
[WhiteElo "1926"]
[BlackElo "1715"]
[PlyCount "101"]
[EventDate "2015.10.03"]
[EventRounds "9"]
[EventCountry "RUS"]

1. e4 e6 2. d4 d5 3. Nc3 Bb4 4. e5 c5 5. a3 Bxc3+ 6. bxc3 Qc7 7. Qg4 f5 8. Qg3
cxd4 9. cxd4 Ne7 10. c3 O-O 11. a4 b6 12. Ba3 Ba6 13. Bd6 Qd7 14. Bxa6 Nxa6 15.
Ne2 Nb8 16. Nf4 Rf7 17. O-O Nbc6 18. Qd3 Na5 19. Qb5 Nec6 20. Qe2 Nd8 21. Rfb1
Rc8 22. Bb4 Ndb7 23. Qa6 Ra8 24. Bxa5 Nxa5 25. Rxb6 axb6 26. Qxa8+ Rf8 27. Qa6
Nc4 28. Qb5 Qe7 29. Nxd5 exd5 30. Qxd5+ Qf7 31. e6 Qe7 32. Qxc4 Rd8 33. d5 h6
34. Rd1 Kf8 35. Qf4 Qxe6 36. c4 Qd7 37. g4 g5 38. Qd4 Qxa4 39. Qf6+ Ke8 40.
Re1+ Kd7 41. Qxf5+ Kc7 42. Re7+ Kb8 43. Qe5+ Ka8 44. Qe4 Qa6 45. d6+ Kb8 46. d7
Qa7 47. Qd4 Qc7 48. Re8 Kb7 49. Qe4+ Ka7 50. Rxd8 Qxd8 51. Qe8 1-0

[Event "Chigorin Memorial"]
[Site "St Petersburg"]
[Date "2015.10.08"]
[Round "6.163"]
[White "Golikov, Sergei"]
[Black "Kokhnover, Ilya"]
[Result "0-1"]
[WhiteElo "1708"]
[BlackElo "1925"]
[PlyCount "92"]
[EventDate "2015.10.03"]
[EventRounds "9"]
[EventCountry "RUS"]

1. Nf3 c5 2. c4 Nc6 3. Nc3 g6 4. g3 Bg7 5. Bg2 d6 6. O-O Be6 7. d3 Qc8 8. Ng5
Bd7 9. f4 h6 10. Nf3 Bh3 11. e4 h5 12. Nd5 Bxg2 13. Kxg2 Nd4 14. Nxd4 Bxd4 15.
f5 gxf5 16. exf5 Qc6 17. Qf3 h4 18. Rb1 hxg3 19. hxg3 O-O-O 20. b4 e6 21. b5
Qd7 22. Ne3 Ne7 23. Bb2 Rhg8 24. fxe6 fxe6 25. Bxd4 cxd4 26. Ng4 Rg6 27. Nf6
Qc7 28. Qe4 e5 29. Rf3 Qa5 30. Rb2 Rg7 31. Qh4 Qe1 32. Qh3+ Kb8 33. Rbf2 Ng6
34. Nh5 Rh8 35. Nxg7 Rxh3 36. Kxh3 Qh1+ 37. Kg4 e4 38. Rf6 Ne5+ 39. Kg5 Qc1+
40. Kf5 e3 41. Ne6 a6 42. b6 Nd7 43. c5 exf2 44. Rg6 f1=Q+ 45. Ke4 Qe3+ 46. Kd5
Qf5+ 0-1

[Event "Chigorin Memorial"]
[Site "St Petersburg"]
[Date "2015.10.08"]
[Round "6.164"]
[White "Pankova, Julia"]
[Black "Sorokopudov, Vladimir M"]
[Result "1/2-1/2"]
[WhiteElo "1703"]
[BlackElo "2078"]
[PlyCount "72"]
[EventDate "2015.10.03"]
[EventRounds "9"]
[EventCountry "RUS"]

1. e4 c6 2. d4 d5 3. exd5 cxd5 4. Bd3 Nc6 5. c3 Nf6 6. Bf4 e6 7. Nf3 Bd6 8.
Bxd6 Qxd6 9. Nbd2 O-O 10. O-O Bd7 11. Re1 Ne7 12. Ne5 Ng6 13. Ndf3 Bc6 14. Ng5
Nf4 15. Bc2 h6 16. Ngxf7 Rxf7 17. Nxf7 Kxf7 18. Re5 Rf8 19. Qf3 g5 20. h4 Ke7
21. hxg5 hxg5 22. Rxg5 Ne4 23. Bxe4 dxe4 24. Qg4 Rf7 25. Rg7 Rxg7 26. Qxg7+ Kd8
27. Re1 Nd3 28. Qg5+ Kc8 29. Re3 Nf4 30. Qg4 Kc7 31. Qg7+ Qd7 32. Qe5+ Qd6 33.
Qg7+ Qd7 34. Qe5+ Qd6 35. Qg7+ Qd7 36. Qe5+ Qd6 1/2-1/2

[Event "Chigorin Memorial"]
[Site "St Petersburg"]
[Date "2015.10.08"]
[Round "6.166"]
[White "Zakharov, Yuri"]
[Black "Toporkova, Sofia"]
[Result "1/2-1/2"]
[WhiteElo "1733"]
[BlackElo "1950"]
[PlyCount "105"]
[EventDate "2015.10.03"]
[EventRounds "9"]
[EventCountry "RUS"]

1. Nf3 d5 2. g3 Bf5 3. c4 dxc4 4. Qa4+ Nd7 5. Qxc4 Nb6 6. Qb3 e6 7. Bg2 c6 8.
Nc3 Nf6 9. d4 h6 10. O-O Be7 11. Re1 O-O 12. Bf4 Nfd5 13. Bd2 Nxc3 14. bxc3 Be4
15. Rac1 c5 16. Be3 c4 17. Qb5 a6 18. Qe5 Bg6 19. Qa5 Nd5 20. Qxd8 Raxd8 21.
Ne5 Bh7 22. Nxc4 b5 23. Bxd5 Rxd5 24. Ne5 Ba3 25. c4 Rdd8 26. cxb5 Bxc1 27.
Rxc1 axb5 28. Rc5 f6 29. Nc6 Ra8 30. Nb4 Rfc8 31. Rxb5 Rcb8 32. Rxb8+ Rxb8 33.
a3 Ra8 34. Bc1 Kf7 35. Kf1 Ke7 36. Ke1 Kd6 37. Bb2 Bg6 38. f3 f5 39. Kd2 Ra5
40. f4 Ra7 41. Nd3 Be8 42. Bc3 g5 43. e3 Kd5 44. Bb4 gxf4 45. Nxf4+ Ke4 46.
Nxe6 Kf3 47. Nf4 Ba4 48. d5 Rc7 49. Bc3 Re7 50. Bd4 Rc7 51. Bc3 Re7 52. Ne6 Rd7
53. Nf4 1/2-1/2

[Event "Chigorin Memorial"]
[Site "St Petersburg"]
[Date "2015.10.08"]
[Round "6.167"]
[White "Aure, Anders Nilsson"]
[Black "Shakirova, Renata"]
[Result "1/2-1/2"]
[WhiteElo "1689"]
[BlackElo "1932"]
[PlyCount "167"]
[EventDate "2015.10.03"]
[EventRounds "9"]
[EventCountry "RUS"]

1. c4 c5 2. Nc3 Nc6 3. g3 g6 4. Bg2 Bg7 5. Nf3 e6 6. O-O Nge7 7. d3 O-O 8. Be3
b6 9. Qc1 d5 10. Bh6 Ba6 11. Bxg7 Kxg7 12. Rd1 Qd7 13. Rb1 Rad8 14. a3 dxc4 15.
dxc4 Qc8 16. b3 Nf5 17. e3 Rxd1+ 18. Qxd1 Rd8 19. Qc2 Nd6 20. Qb2 Kg8 21. Qc2
Bb7 22. Rc1 Qa8 23. Ne1 Ne5 24. Bxb7 Qxb7 25. Rd1 Rd7 26. h3 f5 27. Qe2 Ne8 28.
Rxd7 Qxd7 29. f4 Nc6 30. Qd3 Qe7 31. Nf3 Na5 32. Qc2 Nf6 33. Ne5 Nd7 34. Nxd7
Qxd7 35. Kf2 Qc6 36. Qd1 Nb7 37. Nb5 a6 38. Nc3 Nd6 39. Qf3 Qc8 40. Qd1 Qd8 41.
Qc2 b5 42. cxb5 axb5 43. e4 Qb6 44. e5 Nb7 45. Ke2 Qc6 46. Kf2 Kf7 47. Qd1 Ke7
48. Qf3 Qb6 49. Qe3 Qa5 50. Qd3 b4 51. axb4 cxb4 52. Ne2 Qb6+ 53. Qe3 Nc5 54.
Nd4 Ne4+ 55. Kg2 Qc5 56. Qd3 Qd5 57. Qe3 Nc5+ 58. Kh2 Kd7 59. h4 Ne4 60. Qd3
Nc3 61. Qe3 Qa5 62. Qd2 Nd5 63. Kg2 Qa1 64. Kf2 Qh1 65. Ne2 Qe4 66. Nc1 Kc6 67.
Qd3 Qxd3 68. Nxd3 Kb5 69. Kf3 Nc3 70. g4 Ne4 71. gxf5 gxf5 72. Ke3 h6 73. Ke2
Nc3+ 74. Ke3 Nd5+ 75. Kf3 Ne7 76. Kf2 Nc6 77. Ke3 Kb6 78. Ke2 Nd4+ 79. Ke3 Nxb3
80. Nxb4 Kb5 81. Nd3 Kc4 82. Nb2+ Kc3 83. Na4+ Kb4 84. Nb2 1/2-1/2

[Event "Chigorin Memorial"]
[Site "St Petersburg"]
[Date "2015.10.08"]
[Round "6.168"]
[White "Polozhentsev, Maksim"]
[Black "Lyubokhiner, Leonid M"]
[Result "1-0"]
[WhiteElo "1897"]
[BlackElo "1723"]
[PlyCount "47"]
[EventDate "2015.10.03"]
[EventRounds "9"]
[EventCountry "RUS"]

1. d4 d5 2. c4 e6 3. Nc3 Nf6 4. Bg5 Be7 5. e3 h6 6. Bxf6 Bxf6 7. Nf3 O-O 8. Qc2
c6 9. O-O-O Qa5 10. h4 dxc4 11. Bxc4 b5 12. Bd3 Nd7 13. g4 Be7 14. g5 h5 15. g6
f5 16. Ne5 Nxe5 17. dxe5 b4 18. Qe2 Rf6 19. exf6 Bxf6 20. Nb1 e5 21. Bc4+ Kf8
22. Qxh5 Qc5 23. Qh8+ Ke7 24. Qd8# 1-0

[Event "Chigorin Memorial"]
[Site "St Petersburg"]
[Date "2015.10.08"]
[Round "6.169"]
[White "Rovnov, Vladislav"]
[Black "Khochinsky, Andrey"]
[Result "1-0"]
[WhiteElo "1895"]
[BlackElo "1680"]
[PlyCount "67"]
[EventDate "2015.10.03"]
[EventRounds "9"]
[EventCountry "RUS"]

1. d4 Nf6 2. g3 d5 3. Bg2 Bf5 4. Nf3 e6 5. O-O Nbd7 6. c4 c6 7. Nh4 Be7 8. Nc3
O-O 9. Nxf5 exf5 10. cxd5 cxd5 11. Nxd5 Nxd5 12. Bxd5 Qb6 13. e3 Nf6 14. Bf3
Ne4 15. Qd3 Qg6 16. b3 h5 17. Kh1 Rac8 18. Bb2 Rc7 19. Rac1 Rxc1 20. Bxc1 Rc8
21. Bb2 Bb4 22. Qe2 h4 23. Rc1 Rxc1+ 24. Bxc1 Qc6 25. Bb2 hxg3 26. hxg3 Bd6 27.
Kg2 Qc7 28. Qc4 Qd7 29. Qd5 Ng5 30. Ba3 f4 31. Bxd6 Qh3+ 32. Kg1 fxe3 33. Qxg5
Qe6 34. Qe5 1-0

[Event "Chigorin Memorial"]
[Site "St Petersburg"]
[Date "2015.10.08"]
[Round "6.171"]
[White "Belkina, Yulia"]
[Black "Kozyakov, Andrey"]
[Result "0-1"]
[WhiteElo "1847"]
[BlackElo "1628"]
[PlyCount "68"]
[EventDate "2015.10.03"]
[EventRounds "9"]
[EventCountry "RUS"]

1. e4 c5 2. Nf3 d6 3. Bb5+ Bd7 4. Bxd7+ Nxd7 5. O-O e6 6. c3 Ngf6 7. Re1 Be7 8.
d4 cxd4 9. cxd4 O-O 10. Nc3 Nb6 11. b3 Rc8 12. Bb2 d5 13. e5 Nfd7 14. Re3 h6
15. a4 a5 16. Ba3 Bxa3 17. Rxa3 f5 18. exf6 Nxf6 19. Ra1 Nbd7 20. Qe1 Qb6 21.
Nb5 Ne4 22. Nd2 Rc2 23. Nxe4 dxe4 24. Rxe4 Rfxf2 25. Qxf2 Rxf2 26. Kxf2 e5 27.
h3 exd4 28. Nxd4 Nc5 29. Rh4 Qf6+ 30. Nf3 Qxa1 31. Rh5 b6 32. Rd5 Qb2+ 33. Kg3
Qxb3 34. Rd8+ Kh7 0-1

[Event "Chigorin Memorial"]
[Site "St Petersburg"]
[Date "2015.10.08"]
[Round "6.172"]
[White "Chechetko, Georgy"]
[Black "Abdildayeva, Laura"]
[Result "1/2-1/2"]
[WhiteElo "1827"]
[BlackElo "1600"]
[PlyCount "113"]
[EventDate "2015.10.03"]
[EventRounds "9"]
[EventCountry "RUS"]

1. e4 c5 2. Nc3 Nc6 3. g3 g6 4. Bg2 Bg7 5. d3 d6 6. f4 e6 7. Nf3 Nge7 8. O-O
O-O 9. Be3 Nd4 10. Qd2 Rb8 11. Nd1 b6 12. g4 f5 13. gxf5 exf5 14. c3 Nxf3+ 15.
Bxf3 fxe4 16. dxe4 Bh3 17. Re1 Kh8 18. Nf2 Bc8 19. Rad1 Rb7 20. e5 Rd7 21. e6
Rc7 22. Qxd6 Qxd6 23. Rxd6 Nf5 24. Rd3 Re7 25. Bc1 Rxe6 26. Rxe6 Bxe6 27. a3
Nh4 28. Bd5 Bxd5 29. Rxd5 Re8 30. Kf1 h6 31. Nd3 Re6 32. Kf2 Nf5 33. Bd2 Kh7
34. Ne5 a5 35. Kf3 Bf8 36. Be1 Be7 37. Bf2 Kg7 38. Nc4 Kf6 39. Re5 Rxe5 40.
fxe5+ Ke6 41. Ke4 Bd8 42. a4 Ne7 43. Bh4 g5 44. Bf2 Nd5 45. Nd6 Ne7 46. Bg3 h5
47. h3 h4 48. Bh2 Bc7 49. Nc4 Ng6 50. b3 Nf8 51. Nd2 Nd7 52. Nf3 Bd8 53. Bg1
Nf8 54. Be3 Nh7 55. c4 Be7 56. Nd2 Nf8 57. Nf3 1/2-1/2

[Event "Chigorin Memorial"]
[Site "St Petersburg"]
[Date "2015.10.08"]
[Round "6.173"]
[White "Gantsevich, Dmitry"]
[Black "Muradyan, Asya"]
[Result "1-0"]
[WhiteElo "1818"]
[BlackElo "1501"]
[PlyCount "91"]
[EventDate "2015.10.03"]
[EventRounds "9"]
[EventCountry "RUS"]

1. Nf3 Nf6 2. c4 g6 3. g3 Bg7 4. Bg2 O-O 5. O-O d6 6. d3 c5 7. Nbd2 Nc6 8. Rb1
b6 9. a3 a5 10. Nd4 cxd4 11. Bxc6 Rb8 12. b4 axb4 13. axb4 Bb7 14. Bf3 Bxf3 15.
Nxf3 e5 16. e3 dxe3 17. Bxe3 Ng4 18. Bd2 Qc7 19. Ne1 Nf6 20. Nc2 b5 21. Na3
bxc4 22. dxc4 Ne4 23. Rc1 Nxd2 24. Qxd2 Rfd8 25. Nb5 Qe7 26. Nc3 Qf8 27. Nd5
Bh6 28. Ne3 Bxe3 29. fxe3 d5 30. c5 d4 31. e4 Rdc8 32. Rb1 Rc7 33. Rfc1 Qd8 34.
Qd3 Qg5 35. b5 Qe7 36. c6 Rb6 37. Qd2 Qd8 38. Rc5 Qb8 39. Qd3 Rc8 40. Qc4 Qc7
41. Rd5 Qe7 42. Rd7 Qe8 43. Rf1 h5 44. Rfxf7 Rcb8 45. Rh7+ Kf8 46. Rh8# 1-0

[Event "Chigorin Memorial"]
[Site "St Petersburg"]
[Date "2015.10.08"]
[Round "6.176"]
[White "Lapin, Nikita"]
[Black "Gorodnichin, Leonid"]
[Result "0-1"]
[WhiteElo "1641"]
[BlackElo "1798"]
[PlyCount "56"]
[EventDate "2015.10.03"]
[EventRounds "9"]
[EventCountry "RUS"]

1. e4 e6 2. d4 d5 3. Nc3 Bb4 4. e5 c5 5. Bd2 Ne7 6. Nb5 Bxd2+ 7. Qxd2 O-O 8. c3
Bd7 9. Nd6 cxd4 10. cxd4 Qb6 11. Bd3 f6 12. f4 fxe5 13. fxe5 Nbc6 14. Nf3 g6
15. Be2 Nf5 16. Nxf5 Rxf5 17. g4 Rf7 18. h4 Raf8 19. Rf1 Rf4 20. Rd1 Rxg4 21.
Qh6 Nxd4 22. Rxd4 Rxd4 23. h5 Qb4+ 24. Kf2 Rh4 25. Rg1 Rh2+ 26. Kf1 Rxf3+ 27.
Bxf3 Bb5+ 28. Be2 Bxe2# 0-1

[Event "Chigorin Memorial"]
[Site "St Petersburg"]
[Date "2015.10.08"]
[Round "6.179"]
[White "Glazov, Anatoly"]
[Black "Smorodkin, Kirill"]
[Result "0-1"]
[WhiteElo "1827"]
[BlackElo "1516"]
[PlyCount "96"]
[EventDate "2015.10.03"]
[EventRounds "9"]
[EventCountry "RUS"]

1. c4 Nf6 2. d4 g6 3. Nc3 Bg7 4. e4 d6 5. Nf3 O-O 6. Bg5 Bg4 7. h3 Bxf3 8. Qxf3
Nc6 9. Qe3 Nd7 10. O-O-O a5 11. Bh6 a4 12. h4 e6 13. Nb5 Rc8 14. h5 Bxh6 15.
Qxh6 Qe7 16. Rd3 Nf6 17. hxg6 fxg6 18. f3 Qg7 19. Ra3 Qxh6+ 20. Rxh6 Nh5 21. g4
Kg7 22. g5 Nd8 23. Bh3 Re8 24. d5 Nf7 25. Bxe6 Nxg5 26. Bxc8 Rxc8 27. Rxh5 gxh5
28. Nd4 Nh3 29. Ne6+ Kf6 30. f4 Nf2 31. Re3 Rg8 32. e5+ Kf5 33. Rf3 Rg1+ 34.
Kc2 Rg2 35. Nxc7 Ne4+ 36. Kc1 Rg1+ 37. Kc2 Rg2+ 38. Kd1 dxe5 39. fxe5+ Kxe5 40.
Ra3 h4 41. Ke1 Ng3 42. Re3+ Kd4 43. Re7 h3 44. Rxh7 h2 45. d6 Kd3 46. d7 Re2+
47. Kd1 Rd2+ 48. Ke1 Kc2 0-1

[Event "Chigorin Memorial"]
[Site "St Petersburg"]
[Date "2015.10.08"]
[Round "6.180"]
[White "Montolio Benedicto, Cesar"]
[Black "Pogorelskikh, Sofia"]
[Result "1/2-1/2"]
[WhiteElo "1816"]
[BlackElo "1616"]
[PlyCount "68"]
[EventDate "2015.10.03"]
[EventRounds "9"]
[EventCountry "RUS"]

1. e4 g6 2. d4 Bg7 3. c4 d6 4. Nc3 Nf6 5. h3 O-O 6. Nf3 e5 7. dxe5 dxe5 8. Qxd8
Rxd8 9. Bg5 c6 10. Be2 Re8 11. O-O-O h6 12. Be3 Be6 13. Nxe5 Nxe4 14. Nxe4 Bxe5
15. Nd6 Bxd6 16. Rxd6 Kh7 17. b3 Nd7 18. Bf3 Nb6 19. Bg4 f5 20. Bf3 Rad8 21.
Rhd1 Rxd6 22. Rxd6 Nc8 23. Rd2 Nb6 24. Kc2 Nc8 25. Kc3 Nb6 26. Rd6 Nc8 27. Rd4
Kg7 28. Rd2 Nb6 29. h4 Nc8 30. Bd4+ Kf7 31. Be3 Kg7 32. Bd4+ Kf7 33. Be3 Kg7
34. Bd4+ Kf7 1/2-1/2

[Event "Chigorin Memorial"]
[Site "St Petersburg"]
[Date "2015.10.08"]
[Round "6.181"]
[White "Bagaeva, Maria"]
[Black "Hyoetylae, Tapio"]
[Result "1-0"]
[WhiteElo "1500"]
[BlackElo "1803"]
[PlyCount "101"]
[EventDate "2015.10.03"]
[EventRounds "9"]
[EventCountry "RUS"]

1. e4 g6 2. d4 Bg7 3. c4 d6 4. Nc3 Nd7 5. Be3 b6 6. Bd3 Bb7 7. Qd2 a6 8. f4 e6
9. Nf3 Ne7 10. O-O O-O 11. f5 e5 12. d5 Nc5 13. Bc2 Bc8 14. Nh4 Nd7 15. Bh6 f6
16. Bxg7 Kxg7 17. Qe2 g5 18. Nf3 Rh8 19. Kf2 Nc5 20. b4 Nb7 21. Qe3 h5 22. Bd1
Bd7 23. Nxg5 Nxf5 24. exf5 fxg5 25. Kg1 Rf8 26. Bxh5 Rxf5 27. Rxf5 Bxf5 28. Rf1
Bg6 29. Bxg6 Kxg6 30. Ne4 Qe7 31. Rf6+ Qxf6 32. Nxf6 Kxf6 33. Qf3+ Kg6 34. Qe4+
Kg7 35. Qf5 Rf8 36. Qxg5+ Kf7 37. h4 Nd8 38. h5 Ke8 39. Qg6+ Ke7 40. h6 Rf6 41.
Qh5 Nf7 42. h7 Nh8 43. g4 Kf8 44. g5 Rg6 45. Qg4 Nf7 46. Qf5 Kg7 47. Kf2 b5 48.
cxb5 axb5 49. Qxf7+ Kxf7 50. h8=Q Rxg5 51. Qc8 1-0

[Event "Chigorin Memorial"]
[Site "St Petersburg"]
[Date "2015.10.08"]
[Round "6.182"]
[White "Shugalei, Mikhail"]
[Black "Chekletsova, Darya"]
[Result "1-0"]
[WhiteElo "1663"]
[BlackElo "1495"]
[PlyCount "55"]
[EventDate "2015.10.03"]
[EventRounds "9"]
[EventCountry "RUS"]

1. Nf3 d5 2. e3 Nf6 3. c4 c6 4. d4 Bf5 5. Nc3 e6 6. Be2 Be7 7. O-O Nbd7 8. Nh4
Bg6 9. cxd5 cxd5 10. Nxg6 hxg6 11. h3 g5 12. f3 a6 13. e4 dxe4 14. Bxg5 exf3
15. Bxf3 Qc7 16. Ne4 Nxe4 17. Bxe7 Ng3 18. Rc1 Qb6 19. Bc5 Qxb2 20. Rf2 Qb5 21.
Rb1 Qa5 22. Bxb7 Rd8 23. Bc6 Qc7 24. Qf3 Nf5 25. Rb7 Qc8 26. Qxf5 Rf8 27. Qxe6+
fxe6 28. Rxf8# 1-0

[Event "Chigorin Memorial"]
[Site "St Petersburg"]
[Date "2015.10.08"]
[Round "6.183"]
[White "Prishibilovich, Matvei"]
[Black "Klimentiev, Sergey"]
[Result "0-1"]
[WhiteElo "1409"]
[BlackElo "1727"]
[PlyCount "110"]
[EventDate "2015.10.03"]
[EventRounds "9"]
[EventCountry "RUS"]

1. d4 Nf6 2. c4 e6 3. Nc3 Bb4 4. Bg5 c5 5. e3 Qa5 6. Bxf6 Bxc3+ 7. bxc3 Qxc3+
8. Ke2 gxf6 9. Rc1 Qb2+ 10. Qd2 Qb6 11. Nf3 d6 12. g3 Bd7 13. Bg2 Bc6 14. d5
exd5 15. cxd5 Bb5+ 16. Ke1 Qd8 17. Qb2 Ba6 18. Ng5 Nd7 19. f4 Qe7 20. Kf2 O-O-O
21. Nf3 Nb6 22. Nd4 Nc4 23. Qb3 cxd4 24. Rxc4+ Bxc4 25. Qxc4+ Qc7 26. Qxc7+
Kxc7 27. exd4 Rc8 28. Bh3 Rce8 29. Rc1+ Kb8 30. Bf5 Re7 31. Rc2 h6 32. h4 Rhe8
33. a4 Rc7 34. Rd2 Rc4 35. Bc2 Rec8 36. Bd1 Rb4 37. Kf3 Rc3+ 38. Kg4 Rcc4 39.
Kf5 Rxd4 40. Rxd4 Rxd4 41. Kxf6 Rxd1 42. Kxf7 Rg1 43. f5 Rxg3 44. Ke6 Kc7 45.
f6 Re3+ 46. Kf5 Kd7 47. Kg6 Rf3 48. Kf7 Rf4 49. a5 Rxh4 50. Kg6 Rf4 51. Kxh6
Rxf6+ 52. Kg7 Ke7 53. Kh7 Kf7 54. a6 bxa6 55. Kh8 Rh6# 0-1

[Event "Chigorin Memorial"]
[Site "St Petersburg"]
[Date "2015.10.08"]
[Round "6.184"]
[White "Mednik, Boris"]
[Black "Zvereva, Svetlana"]
[Result "1-0"]
[WhiteElo "1648"]
[BlackElo "1545"]
[PlyCount "93"]
[EventDate "2015.10.03"]
[EventRounds "9"]
[EventCountry "RUS"]

1. e4 e5 2. d4 exd4 3. Qxd4 Nc6 4. Qe3 d6 5. Nc3 Nf6 6. Bc4 Ne5 7. Bb3 Be7 8.
Bd2 Be6 9. O-O-O Bxb3 10. axb3 Qc8 11. h3 b6 12. Nge2 Qb7 13. Nd4 O-O-O 14. f4
Nc6 15. Nxc6 Qxc6 16. g4 Rhe8 17. Rhe1 Bf8 18. Qd3 h6 19. Kb1 Qb7 20. Bc1 Kb8
21. e5 Nd7 22. Qf5 Qc6 23. exd6 Bxd6 24. Rxe8 Rxe8 25. Qxf7 Nc5 26. Qxg7 Ne4
27. Nxe4 Qxe4 28. Qd4 Qf3 29. Qd3 Qf2 30. Rf1 Qh4 31. f5 Rf8 32. Qe3 Rf6 33.
Qf3 Rf8 34. Qe3 Rf6 35. Bd2 Kb7 36. Bc3 Rf7 37. Qe4+ c6 38. Qe6 Qe7 39. Qxe7+
Bxe7 40. f6 Bd8 41. h4 c5 42. g5 hxg5 43. hxg5 b5 44. g6 Rd7 45. g7 b4 46. Be5
Rd5 47. g8=Q 1-0

[Event "Chigorin Memorial"]
[Site "St Petersburg"]
[Date "2015.10.09"]
[Round "7.2"]
[White "Timofeev, Artyom"]
[Black "Aleksandrov, Aleksej"]
[Result "1/2-1/2"]
[WhiteElo "2539"]
[BlackElo "2606"]
[PlyCount "83"]
[EventDate "2015.10.03"]
[EventRounds "9"]
[EventCountry "RUS"]
[WhiteClock "0:07:40"]
[BlackClock "0:31:38"]

1. e4 e5 2. Nf3 Nc6 3. Bb5 Nf6 4. d3 Bc5 5. c3 O-O 6. O-O Re8 7. Re1 a6 8. Ba4
b5 9. Bb3 d6 10. Bg5 h6 11. Bh4 g5 12. Bg3 Bg4 13. Nbd2 Qd7 14. Nf1 Bh5 15. Ne3
Ne7 16. h4 Bxe3 17. Rxe3 c5 18. hxg5 hxg5 19. Qd2 Nh7 20. d4 Bxf3 21. Rxf3 c4
22. Bc2 Qe6 23. b3 Kg7 24. bxc4 bxc4 25. Ba4 Red8 26. Rd1 f6 27. Re3 Nf8 28.
Ree1 Rdc8 29. Rb1 Rab8 30. Qe2 Qf7 31. Qg4 Neg6 32. Red1 Qc7 33. Qe2 Rxb1 34.
Rxb1 exd4 35. cxd4 Ne6 36. Qe3 Nef4 37. Bc2 Re8 38. Bxf4 Nxf4 39. g3 Ng6 40.
Qf3 Rb8 41. Rxb8 Qxb8 42. Qc3 1/2-1/2

[Event "Chigorin Memorial"]
[Site "St Petersburg"]
[Date "2015.10.09"]
[Round "7.3"]
[White "Goganov, Aleksey"]
[Black "Eliseev, Urii"]
[Result "1/2-1/2"]
[WhiteElo "2603"]
[BlackElo "2536"]
[PlyCount "66"]
[EventDate "2015.10.03"]
[EventRounds "9"]
[EventCountry "RUS"]
[WhiteClock "0:03:42"]
[BlackClock "0:03:13"]

1. e4 c5 2. Be2 Nf6 3. e5 Nd5 4. Nf3 Nf4 5. O-O Nxe2+ 6. Qxe2 Nc6 7. Nc3 e6 8.
Ne4 Qc7 9. d4 cxd4 10. Bf4 f5 11. Nd6+ Bxd6 12. exd6 Qb6 13. Rab1 Qc5 14. Be5
Qd5 15. Rfe1 O-O 16. Rbd1 Qxa2 17. Nxd4 Nxe5 18. Qxe5 Qxb2 19. Rb1 Qa2 20. Rb3
b6 21. Rg3 g6 22. h4 f4 23. Rxg6+ hxg6 24. Qg5 Rf7 25. Qxg6+ Rg7 26. Qe8+ Kh7
27. Qh5+ Kg8 28. Nf5 Bb7 29. Ne7+ Kf8 30. Qh8+ Kf7 31. Qh5+ Kf8 32. Qh8+ Kf7
33. Qh5+ Kf8 1/2-1/2

[Event "Chigorin Memorial"]
[Site "St Petersburg"]
[Date "2015.10.09"]
[Round "7.4"]
[White "Demchenko, Anton"]
[Black "Levin, Evgeny A"]
[Result "1/2-1/2"]
[WhiteElo "2595"]
[BlackElo "2508"]
[PlyCount "80"]
[EventDate "2015.10.03"]
[EventRounds "9"]
[EventCountry "RUS"]
[WhiteClock "0:34:02"]
[BlackClock "0:30:43"]

1. e4 c5 2. Nf3 d6 3. d4 Nf6 4. Nc3 cxd4 5. Nxd4 a6 6. g3 e6 7. Bg2 Be7 8. O-O
O-O 9. Be3 Qc7 10. f4 Nc6 11. Nxc6 bxc6 12. Na4 Bb7 13. c4 c5 14. Nc3 Rad8 15.
Bf2 Nd7 16. Rc1 Nb8 17. Qd2 Nc6 18. Rfd1 Bf6 19. Ne2 g6 20. a3 Na5 21. Qc2 Nc6
22. Rd3 Ba8 23. Rcd1 Rb8 24. b3 Rfd8 25. Qd2 Be7 26. g4 Na5 27. Qe3 Nc6 28. Qh3
e5 29. Qh6 Bf8 30. Qh4 h6 31. g5 exf4 32. Rh3 Ne5 33. Nxf4 h5 34. Bf1 Bg7 35.
Be2 Qc8 36. Re3 Bc6 37. h3 Rb7 38. Qg3 Qb8 39. h4 Qc8 40. Nd5 Bxd5 1/2-1/2